| 000 | 00543nam a2200205 4500 | ||
|---|---|---|---|
| 003 | OSt | ||
| 005 | 20260601193525.0 | ||
| 008 | 260507b2019 |||a|||| |||| 001 0 spa d | ||
| 020 | _a97884911811187 | ||
| 040 |
_aICI _bspa _cICI |
||
| 050 |
_aGE195 _bC56 |
||
| 100 | 1 |
_aFerrer, Martina _935548 |
|
| 245 | 1 | _a100 ideas para vivir sin plástico | |
| 264 |
_bIntegral _c2019 _aBarcelona, España |
||
| 300 | _a189 páginas | ||
| 336 |
_atexto _2rdacontent |
||
| 337 |
_asin medio _2rdamedia |
||
| 338 |
_avolumen _2rdacarrier |
||
| 942 |
_2lcc _cB _n1 |
||
| 999 |
_c21132 _d21132 |
||